Hacia una estrategia para un desarrollo agropecuario sostenible /
En el libro se abordan los desafíos y propuestas para lograr un desarrollo sostenible en el sector agropecuario. El autor analiza la importancia de integrar aspectos económicos, sociales y ambientales en la planificación y ejecución de políticas agropecuarias. El enfoque está en cómo alcanzar un equ...
Bewaard in:
| Hoofdauteur: | |
|---|---|
| Coauteur: | |
| Formaat: | Boek |
| Taal: | Spanish |
| Gepubliceerd in: |
San José, Costa Rica
IICA
1991
|
| Reeks: | Serie Publicaciones Misceláneas
n° A1/SC-91-15 |
| Onderwerpen: | |
| Tags: |
Voeg label toe
Geen labels, Wees de eerste die dit record labelt!
|
MARC
| LEADER | 00000nam a22000007a 4500 | ||
|---|---|---|---|
| 003 | cru CIDCACS/IIS | ||
| 005 | 20230828101118.0 | ||
| 007 | ta | ||
| 008 | 161007c1991 cr ||||| |||| 00| 0 spa d | ||
| 040 | |c CRAI/IIS |a CRAI/IIS | ||
| 090 | |a 07.01.02 T828h | ||
| 100 | 1 | |9 149 |a Trigo, Eduardo J. | |
| 245 | 0 | |a Hacia una estrategia para un desarrollo agropecuario sostenible / |c Eduardo J. Trigo | |
| 246 | 1 | 2 | |a Programa II: |b generación y transferencia de tecnología, 1991 |
| 260 | |a San José, Costa Rica |b IICA |c 1991 | ||
| 300 | |a 58 páginas : | ||
| 440 | |9 116 |a Serie Publicaciones Misceláneas |v n° A1/SC-91-15 |x 05345391 | ||
| 520 | 3 | |a En el libro se abordan los desafíos y propuestas para lograr un desarrollo sostenible en el sector agropecuario. El autor analiza la importancia de integrar aspectos económicos, sociales y ambientales en la planificación y ejecución de políticas agropecuarias. El enfoque está en cómo alcanzar un equilibrio entre la producción de alimentos, la conservación de recursos naturales y la mejora de las condiciones de vida de las comunidades rurales. Trigo propone estrategias que permitan un uso eficiente de los recursos, la implementación de prácticas agrícolas y ganaderas sostenibles, y la promoción de modelos de desarrollo que beneficien a todas las partes involucradas. A través de un enfoque multidisciplinario, el autor busca promover la coherencia entre el crecimiento económico, la equidad social y la protección ambiental. RAR | |
| 650 | 0 | 4 | |2 OCDE |9 2014 |a DESARROLLO AGROPECUARIO |
| 650 | 0 | 0 | |2 OCDE |9 2049 |a DESARROLLO SOSTENIBLE |
| 650 | 0 | 0 | |2 OCDE |9 2023 |a POLITICA AGRARIA |
| 650 | 0 | 0 | |2 OCDE |9 2139 |a EQUIDAD SOCIAL |
| 650 | 0 | 4 | |2 OCDE |9 2011 |a RECURSOS NATURALES |
| 650 | 0 | 0 | |2 OCDE |9 2915 |a CONSERVACIÓN DE RECURSOS |
| 710 | 1 | |9 117 |a Instituto Interamericano de Cooperación para la Agricultura | |
| 942 | |2 ddc |c LI | ||
| 999 | |c 18586 |d 18586 | ||
